000 00828nam a22001937a 4500
005 20241113125342.0
010 _aHIN-128785
020 _c95.00
_a9789354091995
035 _aHN-101131
037 _bDBAD
082 _a230.2
100 _aत्रिपाठी, राधावल्लभ
_973924
245 _aआदिकवि और उनकी रामायण /
_cराधावल्लभ त्रिपाठी
250 _aतृतीय
260 _aनई दिल्ली
_bप्रकाशन विभाग
_c2021
270 _aसी. जी. ओ. कॉम्प्लेक्स, लोधी रोड
_bनई दिल्ली
_e110003
300 _a127पृ.
_c22सेमी (आजिल्द)
942 _2ddc
_cHN
_h230.2
_mत्रिपाठी
999 _c206979
_d206979